Представление документа в формате RUSMARC

ПолеНазваниеЗначение
  Тип записи a
  Библиографический уровень m
001 Контрольный номер RU/SLIB/B/208725553
005 Дата корректировки 20241128102324.1
010 Индекс ISBN __
d Цена 0-70
100 Данные общей обработки __
a Данные общей обработки 20241128d1988 ma y0rusy028902 ca
101 Язык документа 0_
a Язык текста rus
102 Страна публикации __
a Страна публикации RU
105 Кодированные данные (монография) __
a Кодированные данные (монография) a z 000yy
181 Поле кодированных данных: вид содержания _0
a Код вида содержания (ISBD) i
182 Поле кодированных данных: тип средства _0
a Код типа средства (ISBD) n
200 Заглавие и сведения об ответственности 1_
a Заглавие За Столпами Геракла
b Общее обозначение материала Текст
e Сведения, относящиеся к заглавию Канарские острова
f Первые сведения об ответственности А. А. Большаков
210 Выходные данные 1_
a Место издания М.
c Издательство Наука
d Дата издания 1988
215 Физическое описание __
a Объем 172 с.
c Иллюстрации/тип воспроизводства ил.
225 Серия 2_
a Серия Рассказы о странах Востока
330 Аннотация __
a Аннотация Это первая в отечественной историографии книга, рассказывающая о Канарских островах, их истории, природе и культуре. Особое внимание уделяется наиболее важному в истории Канар и широко дискутируемому вопросу о происхождении и судьбе аборигенов архипелага, коренного населения, почти полностью исчезнувшего в результате европейской колониальной экспансии.
606 Тематические рубрики __
a Основная рубрика История
y Географическая подрубрика Испания; Канары
2 Код системы nlr_sh
606 Тематические рубрики __
a Основная рубрика История Европы в целом
2 Код системы nlr_sh
606 Тематические рубрики __
a Основная рубрика История Африки в целом
2 Код системы nlr_sh
610 Ключевые слова 0_
a Ключевые слова колониальная экспансия; аборигены; острова; историография; природа; культура; коренное население
686 Индексы других классификаций __
a Классификационный индекс 63.3(4Исп)
2 Код системы rubbks
686 Индексы других классификаций __
2 Код системы rubbks
a Классификационный индекс 63.3(6)
700 Автор _1
a Фамилия Большаков
b Имя А. А.
4 Код отношения 070
g Полное личное имя Александр Алексеевич
801 Источник записи _0
a Страна RU
b Организация Муниципальное бюджетное учреждение культуры "Централизованная библиотечная система" г. Сургут (Центральная городская библиотека им. А. С. Пушкина)
g Правила каталогизации PSBO
801 Источник записи _1
a Страна RU
b Организация Муниципальное бюджетное учреждение культуры "Централизованная библиотечная система" г. Сургут (Центральная городская библиотека им. А. С. Пушкина)
g Правила каталогизации PSBO
852 Данные о местонахождении __
j Шифр хранения 63.3(4Исп)
c Каталожный индекс 63.3(4Исп); 63.3(6)
i Авторский знак Б 79
p Инвентарный номер 34389
901 Тип документа __
t Тип документа m
a Ответственный КиК/Лебедева
901 Тип документа __
a Ответственный СКБР2024
903 Характеристики (МАРС) __
c Наименование библиотеки (МАРС) Муниципальное бюджетное учреждение культуры "Централизованная библиотечная система" г. Сургут (Центральная городская библиотека им. А. С. Пушкина)
990 Данные о заказе (DOS) __
j Количество экземпляров (DOS) 1